Tratamiento jurisprudencial del error en materia penal
-д хадгалсан:
| Үндсэн зохиолч: | |
|---|---|
| Формат: | Ном |
| Хэл сонгох: | испани |
| Хэвлэсэн: |
Santiago
Colegio de Abogados de Chile A.G
2008
|
| Нөхцлүүд: | |
| Шошгууд: |
Шошго нэмэх
Шошго байхгүй, Энэхүү баримтыг шошголох эхний хүн болох!
|
MARC
| LEADER | 00000nam a2200000 a 4500 | ||
|---|---|---|---|
| 001 | UCG1213 | ||
| 003 | CL-VaPUC | ||
| 008 | 100429e20080000CL |||||||||||||||||spa|d | ||
| 082 | 0 | 4 | |a 347.05041 |b CUR |2 21 |
| 100 | 0 | |a Cury Urzúa, Enrique |e author |9 549005 | |
| 245 | 1 | 0 | |a Tratamiento jurisprudencial del error en materia penal |
| 300 | |a 16 p | ||
| 942 | |c BK | ||
| 945 | |d 20100429 00:00:00 |a rbrito | ||
| 260 | |a Santiago |b Colegio de Abogados de Chile A.G |c 2008 | ||
| 650 | 7 | |a ERROR JUDICIAL |2 CL-VaPUC |9 256181 | |
| 650 | 0 | |a Jurisprudencia |9 255952 | |
| 650 | 7 | |a DERECHO PENAL |2 CL-VaPUC |9 11 | |
| 583 | |a last modification |c 20100429 00:00:00 |k Rodrigo Vera | ||
| 999 | |c 340622 |d 340620 | ||
| 952 | |0 0 |1 0 |2 ddc |4 0 |6 347_050410000000000_CUR_2008 |7 0 |8 A |9 435490 |a BIBDER |b BIBDER |d 2019-11-22 |i 4668146 |l 1 |o 347.05041 CUR 2008 |p 4668146 |r 2023-01-25 |s 2022-05-12 |w 2019-11-22 |y MX |k DER | ||
| 952 | |0 0 |1 0 |2 ddc |4 0 |6 347_050410000000000_CUR_2008 |7 0 |8 A |9 435491 |a BIBDER |b BIBDER |d 2019-11-22 |i 4668154 |o 347.05041 CUR 2008 |p 4668154 |r 2023-01-25 |w 2019-11-22 |y MX |k DER | ||